00680nam a22001817a 450000500170000002000320001703500130004903700130006224501080007526000450018330000190022870000290024770000270027670000260030394200280032999900170035795201240037420120608150527.0 a0195646568cRs. 295.00(hbk) aA-948871 aDPLbENG aHealth, poverty and development in India cedited by Monika Das Gupta, Lincoln C. Chen and T.N. Krishan aNew DelhibOxford University Pressc1998 a369p.c20 cms. aGupta, Monika Das948753 a Chen, Lincoln C91567 a Krishan, T.N.948754 2ddccENh362.10954mDAS c67737d67737 001040708NFICaZLSbZLSd2012-06-08g295.00l0o362.10954 DASpA-948871r2012-06-08 00:00:00v295.00w2012-06-08yEN